000 01017nmc a2200337 a 4500
003 AR-BaBNM
005 20251128205757.0
008 138019s1993 ||||||||||||||000 | spa||
020 _a84-7043-661-9
040 _cAR-BaBNM
100 1 _aTabares, Esteban
245 1 0 _aEl mundo rural
_bámbito de intervención social
260 _aMadrid
_bCCS
_c1993
300 0 _a171 p.
_bil., gráfs.
490 0 _aPlan de formación de animadores. Bloque 4: El saber hacer del animador
_vv. 4.23
500 0 _aAnexo: Documentos y materiales: p. 133-171
504 _aBibliografía: p. 128-129
650 4 _aEDUCACION RURAL
650 4 _aEDUCACION DE ADULTOS
650 4 _aANIMACION CULTURAL
650 4 _aANIMADORES DE LA COMUNIDAD
650 4 _aCOOPERATIVAS AGRICOLAS
650 4 _aDESARROLLO AGRICOLA
650 4 _aPOLITICA AGRARIA
650 4 _aPRODUCCION AGRICOLA
651 4 _aEspaña
700 1 _aHernández, Manuel
800 1 _aFrancia, Alfonso
_ecoordinador
942 _cBK
998 _carturo
999 _c12772
_d12772